000 00422pab a2200169 454500
008 180718b2003 xxu||||| |||| 00| 0 eng d
100 _aRizwana, A.
245 _aAll women dairy co-operatives - a case study
260 _c2003
300 _ap.570-80.
362 _aDec
650 _aWomen
650 _aDairy industry - Case studies
650 _aDairy industry
773 _aAsian Economic Review
909 _a59602
999 _c59602
_d59602